Welcome to University of Cape Coast Library, Online Public Access Catalogue (OPAC)

Calculus for business, economics, and the social and life sciences / (Record no. 51030)

MARC details
000 -LEADER
fixed length control field 01701cam a2200385Ma 4500
001 - CONTROL NUMBER
control field on1285981288
003 - CONTROL NUMBER IDENTIFIER
control field OCoLC
005 - DATE AND TIME OF LATEST TRANSACTION
control field 20240702124827.0
008 - FIXED-LENGTH DATA ELEMENTS--GENERAL INFORMATION
fixed length control field 911008s1992 nyua 001 0 eng d
020 ## - INTERNATIONAL STANDARD BOOK NUMBER
International Standard Book Number 0071126333
Qualifying information (v.1 : pbk.)
020 ## - INTERNATIONAL STANDARD BOOK NUMBER
International Standard Book Number 9780071126335
020 ## - INTERNATIONAL STANDARD BOOK NUMBER
International Standard Book Number 0070293465
Qualifying information (v.2 : Student's solutions manual)
020 ## - INTERNATIONAL STANDARD BOOK NUMBER
International Standard Book Number 9780070293465
020 ## - INTERNATIONAL STANDARD BOOK NUMBER
International Standard Book Number 0070293449
020 ## - INTERNATIONAL STANDARD BOOK NUMBER
International Standard Book Number 9780070293441
035 ## - SYSTEM CONTROL NUMBER
System control number (OCoLC)1285981288
040 ## - CATALOGING SOURCE
Original cataloging agency U@L
Language of cataloging eng
Transcribing agency U@L
Modifying agency OCLCF
-- OCLCO
-- OCLCQ
-- OCLCL
-- OCLCA
050 #4 - LIBRARY OF CONGRESS CALL NUMBER
Classification number QA303
Item number .H67
082 04 - DEWEY DECIMAL CLASSIFICATION NUMBER
Classification number 515
Assigning agency OCoLC
Edition number 23/eng/20230216
100 1# - MAIN ENTRY--PERSONAL NAME
Personal name Hoffmann, Laurence D.,
Dates associated with a name 1943-
Real World Object URI https://id.oclc.org/worldcat/entity/E39PCjMyVVjHKdQdgy94BMyBGd
9 (RLIN) 19766
245 10 - TITLE STATEMENT
Title Calculus for business, economics, and the social and life sciences /
Statement of responsibility, etc. Laurence D. Hoffmann, Gerald L. Bradley.
250 ## - EDITION STATEMENT
Edition statement 5th ed.
260 ## - PUBLICATION, DISTRIBUTION, ETC.
Place of publication, distribution, etc. New York :
Name of publisher, distributor, etc. McGraw-Hill,
Date of publication, distribution, etc. c1992.
300 ## - PHYSICAL DESCRIPTION
Extent xiv, 778 p. :
Other physical details ill. (some col.) ;
Dimensions 25 cm. +
Accompanying material 1 student's solution manual, 1 CD-ROM , 1 disk.
500 ## - GENERAL NOTE
General note Includes index.
505 0# - FORMATTED CONTENTS NOTE
Formatted contents note V.1 : Book -- v.2 : Student's solutions manual -- v.3 : CD-ROM -- v.4 : Disk.
650 #0 - SUBJECT ADDED ENTRY--TOPICAL TERM
Topical term or geographic name entry element Calculus.
9 (RLIN) 286
650 #6 - SUBJECT ADDED ENTRY--TOPICAL TERM
Topical term or geographic name entry element Calcul infinit�esimal.
9 (RLIN) 4445
650 #7 - SUBJECT ADDED ENTRY--TOPICAL TERM
Topical term or geographic name entry element calculus.
Source of heading or term aat
9 (RLIN) 286
650 #7 - SUBJECT ADDED ENTRY--TOPICAL TERM
Topical term or geographic name entry element Calculus.
Source of heading or term fast
Authority record control number or standard number (OCoLC)fst00844119
9 (RLIN) 286
700 1# - ADDED ENTRY--PERSONAL NAME
Personal name Bradley, Gerald L.,
Dates associated with a name 1940-
Real World Object URI https://id.oclc.org/worldcat/entity/E39PCjFcf9YtkjWwdj3BrJPbBP
9 (RLIN) 37670
758 ## - RESOURCE IDENTIFIER
Relationship information has work:
Label Calculus for business, economics, and the social and life sciences (Work)
Real World Object URI https://id.oclc.org/worldcat/entity/E39PCG3YwB6qmj9HPg99VbtMyd
Relationship https://id.oclc.org/worldcat/ontology/hasWork
942 ## - ADDED ENTRY ELEMENTS (KOHA)
Source of classification or shelving scheme Library of Congress Classification
Koha item type Books
948 ## - LOCAL PROCESSING INFORMATION (OCLC); SERIES PART DESIGNATOR (RLIN)
h (OCLC) NO HOLDINGS IN GHUCC - 1 OTHER HOLDINGS
Holdings
Lost status Collection code Accession Number Home library Shelving location Date acquired Total Checkouts Full call number Barcode Date last seen Date last checked out Koha item type
  Open 231431 UCC Main Library First Floor East Wing Sam Jonah Library 07/02/2024 1 QA303.H67 30261101256065 07/23/2024 07/08/2024 Books
Koha©2022 UCC.All Right Reserved.Site Developed by Sam Jonah Library IT Team
<Home | Contact | Library publications |Research Tools | Research Guides |https://ucclivechat.library-gh.net/index.php/chat

If you have questions or concern please contact the Library.



PMB, University of Cape Coast

KOHA HOME